| 000 | 01816nam a2200421 i 4500 | ||
|---|---|---|---|
| 001 | 193055 | ||
| 003 | SpMaBN | ||
| 005 | 20240924115928.0 | ||
| 007 | ta | ||
| 008 | 230726s2018 sp a | |||| 000 0 spa | ||
| 015 | _aMON18 | ||
| 017 |
_aM 34661-2018 _bOficina Depósito Legal Madrid |
||
| 020 | _a9788494640087 | ||
| 035 | _a(OCoLC)1192400281 | ||
| 035 | _aa6607811 | ||
| 040 |
_aSpMaBN _bspa _cSpMaBN _erda _dEs-MaACL |
||
| 080 | _a82-1"19/20"(082.2) | ||
| 245 | 0 | 3 |
_aEl amor es como el mar : _bantología colectiva internacional poética y narrativa, de 77 autores, con fines solidarios hacia el campo de refugiados palestinos de Rafah, en la Franja de Gaza, Palestina / _cMaría Victoria Caro Bernal, directora y antóloga del libro |
| 250 | _aPrimera edición: diciembre, 2018 | ||
| 264 | 1 |
_aMadrid : _bNueva Estrella Editorial, _c[2018] |
|
| 300 |
_a150 páginas : _bilustraciones (blanco y negro y color) ; _c23 cm |
||
| 336 |
_aTexto _2rdacontent |
||
| 337 |
_asin mediación _2rdamedia |
||
| 338 |
_avolumen _2rdacarrier |
||
| 490 | 1 |
_aVoces amigas : colección de poesía y relato ; _v1 |
|
| 650 | 4 |
_aPoesía- _yS.XX _916200 |
|
| 650 | 7 |
_aPoesía- _yS.XXI _9147673 |
|
| 655 | 0 |
_aAntologías _2tgfbne _9176540 |
|
| 700 | 1 |
_aCaro Bernal, María Victoria, _d1960- _epbl _9159438 |
|
| 830 |
_aVoces amigas : colección de poesía y relato ; _9233880 _v1 |
||
| 852 |
_aES-MaACL _bR. 152712 _cDEPOJ _jN-9013 _hDonación: María Victoria Caro Bernal _xRústica con solapas _zEn proceso _9200360 |
||
| 903 |
_aCaro Bernal, María Victoria, _d1960- _ednr _9159438 |
||
| 942 |
_n0 _cMONOGRAFIA |
||
| 999 |
_c193055 _d193055 |
||